Top 11 piłkarzy Ekstraklasy w FC 2025 - Statystyki

Ogólne statystyki
  • Ten quiz został rozwiązany 176 razy
  • Średni wynik to 7 z 11
Statystyki odpowiedzi
Piłkarz Narodowość Klub Pozycja Ocena ogólna % Poprawnych
Kamil Grosicki Polska Pogoń Szczecin Pomocnik 74
95%
Lukas Podolski Niemcy Górnik Zabrze Pomocnik 72
93%
Mikael Ishak Szwecja Lech Poznań Napastnik 71
90%
Ivi López Hiszpania Raków Częstochowa Pomocnik 73
79%
Rafał Gikiewicz Polska Widzew Łódź Bramkarz 72
78%
Jesús Imaz Hiszpania Jagiellonia Pomocnik 72
73%
Bartosz Salamon Polska Lech Poznań Obrońca 72
66%
Jean-Pierre Nsame Kamerun Legia Warszawa Napastnik 71
50%
Fran Tudor Chorwacja Raków Częstochowa Pomocnik 71
44%
Paweł Wszołek Polska Legia Warszawa Pomocnik 71
42%
Patrik Wålemark Szwecja Lech Poznań Napastnik 71
26%
Nie znaleziono quizów pasujących do podanych kryteriów
Rozkład punktacji
Procent ludzi z każdym wynikiem
Percentyl według liczby udzielonych odpowiedzi
Twoja historia wyników
Nie rozwiązałeś tego quizu